000 00487nam a2200181Ia 4500
005 20250306042308.0
008 240331s9999 xx 000 0 und d
020 _a8170131480
082 _bWIC
_a954
100 _aWickremaratne, U.C
245 4 _aThe conservative nature of the British rule of Sri Lanka
260 _aNew Delhi
_bNavarang, Booksellers and Publishers
_c1996
300 _aXiii, 288 p .,
650 _aSocial
650 _aEconomic
650 _aPolicies
942 _cL
999 _c3550
_d3550